00495 a2200145 4500001000700000003000400007005001700011008004100028082002200069100001500091245003400106260004200140300001000182653015700192067451OSt20211210171554.0  a307.1216095bJ19L1 aJain, A.K.1 aLow carbon citycby A.K. Jain aNew DelhibDiscovery Publishingc2009 a476p. aIndia--Delhi; India; Urban ecology (Sociology); Atmospheric carbon dioxide--Environmental aspects; City planning--Climatic factors; Environmental policy